Διερεύνηση προοπτικής ακτοπλοϊκής σύνδεσης Μαντουδίου - Βορείων Σποράδων : μεταπτυχιακή εργασία

Αποθηκεύτηκε σε:
Λεπτομέρειες βιβλιογραφικής εγγραφής
Κύριος συγγραφέας: Παπαγεωργίου, Κωνσταντίνος
Συγγραφή απο Οργανισμό/Αρχή: Πανεπιστήμιο Αιγαίου Σχολή Επιστημών της Διοίκησης Τμήμα Ναυτιλίας και Επιχειρηματικών Υπηρεσιών Πρόγραμμα Μεταπτυχιακών Σπουδών "Ναυτιλία, Μεταφορές και Διεθνές Εμπόριο - ΝΑ.Μ.Ε."
Άλλοι συγγραφείς: Λίτινας, Νικόλαος (Εισηγητής διατριβής), Πολυδωροπούλου, Αμαλία (Εισηγητής διατριβής)
Μορφή: Thesis Βιβλίο
Γλώσσα:Greek
Δημοσίευση: 2003
Θέματα:
Ετικέτες: Προσθήκη ετικέτας
Δεν υπάρχουν, Καταχωρήστε ετικέτα πρώτοι!

MARC

LEADER 00000cam a2200000 i 4500
001 1/49283
008 040224s2003 gre d
035 |l 10072390 
040 |a GR-MY-UA  |b gre  |e aacr 
041 0 |a gre 
082 0 |a 387.109495 
100 1 |a Παπαγεωργίου, Κωνσταντίνος. 
245 1 0 |a Διερεύνηση προοπτικής ακτοπλοϊκής σύνδεσης Μαντουδίου - Βορείων Σποράδων :  |b μεταπτυχιακή εργασία /  |c Παπαγεωργίου Κωνσταντίνος ; επιβλέπουσα: Πολυδωροπούλου Αμαλία ; διευθυντής σπουδών: Λίτινας Νικόλαος 
260 |c 2003 
300 |a 121 σ.;  |b διαγρ., πίν., χάρτ.;  |c 30 εκ. 
502 |a Διατριβή (μεταπτυχιακή) – Πανεπιστήμιο Αιγαίου, Χίος, 2003. 
504 |a Περιλαμβάνει βιβλιογραφία 
610 2 0 |a Πανεπιστήμιο Αιγαίου. 
650 0 |a Harbors  |z Greece  |z Euboea Island. 
650 0 |a Harbors  |z Greece  |z Northern Sporades. 
650 0 0 |a Dissertations, Academic  |z Greece. 
700 1 |a Λίτινας, Νικόλαος.  |4 ths 
700 1 |4 ths  |a Πολυδωροπούλου, Αμαλία. 
710 1 |a Πανεπιστήμιο Αιγαίου  |b Σχολή Επιστημών της Διοίκησης  |b Τμήμα Ναυτιλίας και Επιχειρηματικών Υπηρεσιών  |b Πρόγραμμα Μεταπτυχιακών Σπουδών "Ναυτιλία, Μεταφορές και Διεθνές Εμπόριο - ΝΑ.Μ.Ε.". 
852 |a INST  |b CHIOS  |c DIATR  |e 20040224  |h 387.109495 ΠΑΠ  |p 005200023534  |q 005200023534  |t MTXE  |y 23 
852 |a INST  |b CHIOS  |c DIATR  |e 20040224  |h 387.109495 ΠΑΠ  |p 005200023535  |q 005200023535  |t MTXE  |y 23 
901 |a BIBL2-2004-1 
909 |a Χ  |b 108596 
909 |a Χ  |b 108597 
924 |a ΠΑΠΑΓΕΩΡΓΙΟΥ  |b ΚΩΝΣΤΑΝΤΙΝΟΣ  |y ΧΙΟΣ  |z 2004-02 
970 |a ΠΟΥΛΑΚΗ  |b ΠΑΝΩΡΑΙΑ  |z 2004/02/24